Transformaciones de la actividad agropecuaria, de los territorios y de las políticas públicas : entrelazamientos de lógicas /

Guardado en:
Otros Autores: Albaladejo, Christophe., Bustos Cara, Roberto Nicolás., Gisclard, Marie., De la Fuente, Laura Isabel.
Formato: Libro
Idioma:Spanish
Publicado: Bahía Blanca : EdiUNS, 2014.
Series:Serie extensión. Colección estudios sociales y humanidades
Etiquetas: Agregar Etiqueta
Sin Etiquetas, Sea el primero en etiquetar este registro!
LEADER 00800nam a22001935a 4500
001 EEA.libagro010464
008 150819s2014####ag############000#0#spa#d
005 20211203092604.0
245 1 0 |a Transformaciones de la actividad agropecuaria, de los territorios y de las políticas públicas :  |b entrelazamientos de lógicas /  |c [compilado por] Christophe Albaladejo, Roberto Nicolás Busto Cara, Marie Gisclard. 
260 |a Bahía Blanca :  |b EdiUNS,  |c 2014. 
300 |a 540 p. 
490 1 |a Serie extensión. Colección estudios sociales y humanidades 
020 |a 9789871907809 
700 1 |a Albaladejo, Christophe. 
700 1 |a Bustos Cara, Roberto Nicolás. 
700 1 |a Gisclard, Marie. 
700 1 |a De la Fuente, Laura Isabel. 
082 0 4 |a 338.18 
859 |a AR-BbBCA  |b BIB. AGRONOMIA  |h 338.18  |i A325  |p 2015/6562